[Event "Adelboden op 1st"]
[Site "Adelboden"]
[Date "2013.12.13"]
[Round "1"]
[White "Lenhardt, Manfred"]
[Black "Frey, Jakob"]
[Result "1-0"]
[WhiteElo "2116"]
[BlackElo "1651"]
[PlyCount "83"]
[EventDate "2013.12.13"]
[EventType "swiss"]
[EventRounds "5"]
[EventCountry "SUI"]
[SourceTitle "CBM 158 Extra"]
[Source "ChessBase"]
[SourceDate "2014.02.28"]
[SourceVersion "1"]
[SourceVersionDate "2014.02.28"]
[SourceQuality "1"]

1. d4 Nf6 2. Nc3 d5 3. Bg5 e6 4. e4 dxe4 5. Nxe4 Be7 6. Bxf6 Bxf6 7. Nf3 Nd7 8. Qd2 b6 9. 0-0-0 Bb7 10. Bd3 Qe7 11. Qf4 0-0-0 12. Kb1 h6 13. Rhe1 g5 14. Qe3 Bg7 15. Ng3 Rhe8 16. Nf5 Qf6 17. Nxg7 Qxg7 18. Be4 g4 19. Nd2 Qg5 20. f4 gxf3 21. Qxf3 Bxe4 22. Nxe4 Qg7 23. Rd3 Kb8 24. Red1 f5 25. Nc3 Qe7 26. Nb5 Nf6 27. Nxa7 Kxa7 28. Ra3+ Qxa3 29. Qxa3+ Kb7 30. Qf3+ Ne4 31. g4 Rf8 32. gxf5 exf5 33. c4 Kb8 34. a3 Rde8 35. Qf4 Ng5 36. c5 Re4 37. Qf1 Rf6 38. cxb6 Rxb6 39. Qf2 f4 40. h4 Ne6 41. d5 Ng7 42. d6 1-0